Introduction to the Computer <An> Integrative Approach

Salvato in:
Dettagli Bibliografici
Autore principale: Frates, Jeffrey
Altri autori: Moldrup, William
Natura: Libro
Lingua:inglese
Pubblicazione: Englewood Cliffs Prentice-Hall 1980
Edizione:1. ed.
Tags: Aggiungi Tag
Nessun Tag, puoi essere il primo ad aggiungerne!!

MARC

LEADER 00000nam a2200000 4500
001 c034354
005 20221220102000.8
041 0 |a eng 
044 |a US 
245 1 0 |a Introduction to the Computer  |b <An> Integrative Approach  |c Jeffrey Frates, William Moldrup 
250 |a 1. ed. 
264 1 |a Englewood Cliffs  |b Prentice-Hall  |c 1980 
300 |a 449 s. 
100 1 |a Frates, Jeffrey 
700 1 |a Moldrup, William